| 000 | 01191nmm a2200409 a 4500 | ||
|---|---|---|---|
| 003 | AR-BaBNM | ||
| 005 | 20251128203507.0 | ||
| 008 | 036119s1992 ||||||||||||||000 | spa|| | ||
| 020 | _a84-306-9790-X | ||
| 040 | _cAR-BaBNM | ||
| 245 | 1 | 0 |
_aHistoria de la vida privada _bimperio romano y antigüedad tardía. 1 |
| 250 | _a1ª ed. | ||
| 260 |
_aMadrid _bTaurus _c1992 |
||
| 300 | 0 |
_a415 p. _bil., mapas |
|
| 500 | 0 | _aContiene referencias bibliográficas en p. 403 | |
| 500 | 0 | _aIndice onomástico en p. 411 | |
| 500 | 0 | _aIndice temático en p. 414 | |
| 650 | 4 | _aSOCIOLOGIA CULTURAL | |
| 650 | 4 | _aHISTORIA ANTIGUA | |
| 650 | 4 | _aARQUITECTURA | |
| 650 | 4 | _aIGLESIA | |
| 650 | 4 | _aESCLAVITUD | |
| 650 | 4 | _aANTROPOLOGIA CULTURAL Y SOCIAL | |
| 650 | 4 | _aVIDA SOCIAL | |
| 650 | 4 | _aVIDA COTIDIANA | |
| 650 | 4 | _aCOSTUMBRES Y TRADICIONES | |
| 651 | 4 | _aRoma | |
| 653 | _aPAGANISMO | ||
| 700 | 1 |
_aAriès, Philippe _edirector |
|
| 700 | 1 |
_aDuby, Georges _edirector |
|
| 700 | 1 |
_aVeyne, Paul _edirector |
|
| 700 | 1 |
_aBrown, Peter _ecolaborador |
|
| 700 | 1 |
_aThébert, Yvon _ecolaborador |
|
| 700 | 1 |
_aPérez Gutiérrez, Francisco _etraductor |
|
| 942 | _cBK | ||
| 998 | _cMARTIN | ||
| 999 |
_c3645 _d3645 |
||